Vývoj cien vybratých komodít na burzách v mesiaci september

Prehľad o vývoji cien najdôležitejších komodít na svetových komoditných burzách. Najdôležitejšie poznatky o dianí u najvýznamnejších producentov - pomoc obchodníkom a vývozcom pri orientácii na svetových trhoch.

Salvato in:
Dettagli Bibliografici
Autore principale: Masár, I.
Natura: Capitolo di libro
Lingua:slovacco
Soggetti:
Tags: Aggiungi Tag
Nessun Tag, puoi essere il primo ad aggiungerne!!

MARC

LEADER 00000naa a2200000 4500
001 r021896
005 20230801105250.8
041 0 |a slo 
044 |a SK 
245 1 0 |a Vývoj cien vybratých komodít na burzách v mesiaci september  |c I. Masár 
520 |a Prehľad o vývoji cien najdôležitejších komodít na svetových komoditných burzách. Najdôležitejšie poznatky o dianí u najvýznamnejších producentov - pomoc obchodníkom a vývozcom pri orientácii na svetových trhoch. 
610 2 0 |a svet 
610 2 0 |a september 
610 2 0 |a 1996 
610 2 0 |a burzy komoditné 
610 2 0 |a kukurica 
610 2 0 |a pšenica 
610 2 0 |a zemiaky 
610 2 0 |a káva 
610 2 0 |a kakao 
610 2 0 |a bavlna 
610 2 0 |a ceny burzové 
100 1 |a Masár, I.